[Event "FRA-chT2 0910"]
[Site "France"]
[Date "2009.12.13"]
[Round "6.8"]
[White "Mousset Evtouchenko, Nina"]
[Black "Vinckier, Delphine"]
[Result "0-1"]
[WhiteElo "1753"]
[BlackElo "1805"]
[PlyCount "108"]
[EventDate "2009.09.27"]
[EventType "team"]
[EventRounds "11"]
[EventCountry "FRA"]
[SourceDate "2009.07.26"]

1. e4 e6 2. Qe2 Be7 3. b3 d6 4. Bb2 Nf6 5. d4 Nfd7 6. e5 O-O 7. Nf3 dxe5 8.
dxe5 f6 9. exf6 Nxf6 10. g3 Qd5 11. Nbd2 Nc6 12. a3 Ng4 13. Bg2 Bg5 14. O-O
Bxd2 15. Nxd2 Qf5 16. Ne4 e5 17. h3 Nf6 18. g4 Qg6 19. Rad1 Re8 20. Rd3 h5 21.
Nxf6+ gxf6 22. gxh5 Qh7 23. Rg3+ Kf7 24. Be4 f5 25. Qf3 Bd7 26. Kh2 Rg8 27.
Rfg1 Rxg3 28. fxg3 Ke7 29. Bd5 Re8 30. g4 fxg4 31. hxg4 Rf8 32. Qg2 Rf4 33. Bf3
Kd8 34. Bc1 Rd4 35. Be3 Rd6 36. Be4 Qh8 37. Bg6 Rxg6 38. Qh3 Rg8 39. Qh4+ Kc8
40. c3 Qh7 41. Rg2 Qe4 42. Bg5 Qh7 43. Bf6 Be8 44. h6 Bg6 45. g5 e4 46. Rd2 Re8
47. Qh3+ Bf5 48. Qe3 Qg6 49. Qe2 Ne5 50. Kg3 Ng4 51. Bg7 Qxg5 52. Rd5 Nxh6+ 53.
Kh2 Qxg7 54. Qh5 Rg8 0-1

[Event "FRA-chT2 0910"]
[Site "France"]
[Date "2010.01.24"]
[Round "7.1"]
[White "Bernard, Christophe"]
[Black "Dionisi, Thomas"]
[Result "0-1"]
[WhiteElo "2358"]
[BlackElo "2130"]
[PlyCount "104"]
[EventDate "2009.09.27"]
[EventType "team"]
[EventRounds "11"]
[EventCountry "FRA"]
[SourceDate "2009.07.26"]

1. d4 g6 2. c4 Bg7 3. Nc3 d6 4. Nf3 Nd7 5. e4 e5 6. Be2 Ngf6 7. O-O O-O 8. Re1
c6 9. Rb1 a5 10. Bf1 Qc7 11. h3 exd4 12. Nxd4 Re8 13. Bf4 Nh5 14. Bh2 Be5 15.
Bxe5 dxe5 16. Nf5 Nf4 17. Qd6 Qxd6 18. Nxd6 Rd8 19. a3 Nc5 20. Nxc8 Rdxc8 21.
b4 axb4 22. axb4 Na4 23. Nxa4 Rxa4 24. Red1 Ne6 25. Rd7 Rc7 26. Rd6 Kf8 27. c5
Ke7 28. Be2 Rd7 29. Bd1 Ra3 30. Rxd7+ Kxd7 31. Bb3 Ke7 32. Bxe6 Kxe6 33. f3 Ra2
34. Kh2 Rd2 35. h4 h5 36. Kg1 f5 37. exf5+ gxf5 38. Ra1 Rb2 39. Rd1 Rxb4 40.
Rd6+ Ke7 41. Rh6 Rxh4 42. Rh7+ Ke6 43. Rxb7 Rc4 44. Rh7 Rxc5 45. Rh6+ Kd5 46.
Rxh5 f4 47. Rh8 Kd4 48. Rd8+ Rd5 49. Ra8 c5 50. Kf2 c4 51. Ke2 Kc3 52. Ra3+ Kb2
0-1

[Event "FRA-chT2 0910"]
[Site "France"]
[Date "2010.01.24"]
[Round "7.2"]
[White "Bernard, Vincent"]
[Black "Yacob, Francois"]
[Result "1/2-1/2"]
[WhiteElo "2203"]
[BlackElo "2143"]
[PlyCount "25"]
[EventDate "2009.09.27"]
[EventType "team"]
[EventRounds "11"]
[EventCountry "FRA"]
[SourceDate "2009.07.26"]

1. Nf3 c5 2. e4 Nc6 3. c3 Nf6 4. e5 Nd5 5. d4 cxd4 6. cxd4 d6 7. Bc4 Nb6 8. Bb3
d5 9. Nh4 e6 10. Nf3 Be7 11. Nc3 O-O 12. Bc2 f5 13. exf6 1/2-1/2

[Event "FRA-chT2 0910"]
[Site "France"]
[Date "2010.01.24"]
[Round "7.3"]
[White "Cathelineau, Didier"]
[Black "Toma, Michal"]
[Result "1/2-1/2"]
[WhiteElo "2212"]
[BlackElo "2211"]
[PlyCount "57"]
[EventDate "2009.09.27"]
[EventType "team"]
[EventRounds "11"]
[EventCountry "FRA"]
[SourceDate "2009.07.26"]

1. d4 d5 2. c4 c6 3. Nf3 Nf6 4. Nc3 dxc4 5. a4 Bf5 6. Ne5 e6 7. Nxc4 Nbd7 8. g3
Nb6 9. Ne3 Bg6 10. Bg2 a5 11. O-O Qd7 12. Nc2 Bxc2 13. Qxc2 Qxd4 14. Be3 Qb4
15. Ra3 Nc4 16. Rb3 Nxe3 17. fxe3 Qc5 18. Rxb7 Bd6 19. Qd3 Rd8 20. Ne4 Nxe4 21.
Qxe4 O-O 22. Kh1 Be5 23. Qxc6 Qxe3 24. Rbxf7 Bf6 25. Rxf8+ Rxf8 26. Qb5 Bd4 27.
Rxf8+ Kxf8 28. Qb8+ Kf7 29. Qb7+ 1/2-1/2

[Event "FRA-chT2 0910"]
[Site "France"]
[Date "2010.01.24"]
[Round "7.4"]
[White "Samoun, Florent"]
[Black "Couderc, Christophe"]
[Result "1-0"]
[WhiteElo "2137"]
[BlackElo "2091"]
[PlyCount "109"]
[EventDate "2009.09.27"]
[EventType "team"]
[EventRounds "11"]
[EventCountry "FRA"]
[SourceDate "2009.07.26"]

1. e4 c5 2. Nc3 Nc6 3. g3 g6 4. Bg2 Bg7 5. d3 e6 6. Be3 d6 7. Qd2 Rb8 8. f4
Nge7 9. Nf3 Nd4 10. O-O Nec6 11. Nd1 O-O 12. c3 Nxf3+ 13. Bxf3 b6 14. e5 Qc7
15. Qg2 Ne7 16. d4 dxe5 17. dxe5 Nf5 18. Re1 Rd8 19. Nf2 Bb7 20. Bxb7 Qxb7 21.
Qxb7 Rxb7 22. Ne4 Nxe3 23. Rxe3 Bf8 24. Ree1 Be7 25. Rad1 Rbd7 26. Rxd7 Rxd7
27. Kf1 Kf8 28. Ke2 Ke8 29. a4 h5 30. Ra1 a6 31. h3 Rd5 32. b3 Kd7 33. c4 Rd4
34. Ke3 Kc6 35. g4 hxg4 36. hxg4 b5 37. axb5+ axb5 38. cxb5+ Kb6 39. Rh1 Rb4
40. Nd2 g5 41. f5 exf5 42. gxf5 Rh4 43. Ra1 Rh3+ 44. Ke4 Rh4+ 45. Kd3 Rh3+ 46.
Kc2 Rh2 47. f6 Bd8 48. Kd3 Kxb5 49. Ra7 Ba5 50. Nc4 Rh3+ 51. Ke4 Rxb3 52. Nxa5
Rb4+ 53. Kd3 g4 54. e6 g3 55. e7 1-0

[Event "FRA-chT2 0910"]
[Site "France"]
[Date "2010.01.24"]
[Round "7.5"]
[White "Ricroque, Jean Pierre"]
[Black "Fournet, Arnaud"]
[Result "1-0"]
[WhiteElo "2041"]
[BlackElo "2185"]
[PlyCount "67"]
[EventDate "2009.09.27"]
[EventType "team"]
[EventRounds "11"]
[EventCountry "FRA"]
[SourceDate "2009.07.26"]

1. d4 d5 2. Nf3 Nf6 3. c4 c6 4. Nc3 e6 5. e3 Nbd7 6. Bd3 dxc4 7. Bxc4 b5 8. Bd3
Bb7 9. O-O a6 10. e4 c5 11. d5 exd5 12. exd5 Nxd5 13. Nxd5 Bxd5 14. Bxb5 Be6
15. Bc6 Ra7 16. Ng5 Qb6 17. Qf3 Rc7 18. Re1 Be7 19. Rxe6 fxe6 20. Qf7+ Kd8 21.
Nxe6+ Kc8 22. Nxc7 Qxc7 23. Qe6 Qd6 24. Bxd7+ Qxd7 25. Qxa6+ Kd8 26. Bf4 Ke8
27. Re1 Rf8 28. Bg5 Rf7 29. Qa8+ Qd8 30. Qxd8+ Kxd8 31. Bxe7+ Rxe7 32. Rxe7
Kxe7 33. f4 Kd6 34. Kf2 1-0

[Event "FRA-chT2 0910"]
[Site "France"]
[Date "2010.01.24"]
[Round "7.6"]
[White "Aflalo, Sophie"]
[Black "Hameau, Cyril"]
[Result "1-0"]
[WhiteElo "2033"]
[BlackElo "2024"]
[PlyCount "69"]
[EventDate "2009.09.27"]
[EventType "team"]
[EventRounds "11"]
[EventCountry "FRA"]
[SourceDate "2009.07.26"]

1. e4 d5 2. exd5 Qxd5 3. Nc3 Qd6 4. g3 Nf6 5. Bg2 e5 6. Nge2 c6 7. O-O Bg4 8.
h3 Be6 9. d4 Nbd7 10. a4 Be7 11. b3 Qc7 12. a5 Rd8 13. f4 e4 14. f5 Bd5 15. Nf4
Bb4 16. Na2 Bxa5 17. c4 Bb6 18. cxd5 cxd5 19. Ba3 Qe5 20. Ne2 Qb8 21. Qd2 h6
22. Qb4 Ng8 23. Nf4 a5 24. Qa4 Ngf6 25. Nc3 Bc7 26. Rae1 Bd6 27. Nfxd5 O-O 28.
Nxe4 Nxe4 29. Rxe4 Bxa3 30. Qxa3 Qxg3 31. Rg4 Qd3 32. Rf3 Qd1+ 33. Kh2 h5 34.
Rg5 Qxd4 35. Ne7+ 1-0

[Event "FRA-chT2 0910"]
[Site "France"]
[Date "2010.01.24"]
[Round "7.7"]
[White "Ledoux, Alain"]
[Black "Bensaid, Alexandre"]
[Result "0-1"]
[WhiteElo "1937"]
[BlackElo "1905"]
[PlyCount "73"]
[EventDate "2009.09.27"]
[EventType "team"]
[EventRounds "11"]
[EventCountry "FRA"]
[SourceDate "2009.07.26"]

1. e4 c5 2. Nf3 Nc6 3. c3 Nf6 4. e5 Nd5 5. Bc4 Nb6 6. Bb3 d5 7. h3 Bf5 8. d3 e6
9. O-O d4 10. Bg5 Qd7 11. Bc2 h6 12. Bh4 g5 13. Bg3 O-O-O 14. c4 Be7 15. a4 Nb4
16. Na3 a5 17. Ne1 Rdg8 18. Nb5 h5 19. Nd6+ Bxd6 20. exd6 f6 21. f4 h4 22. Bh2
g4 23. hxg4 Rxg4 24. Qd2 Nxc2 25. Nxc2 Rhg8 26. Rf2 Qc6 27. Ne1 R4g7 28. Ra3
Bh3 29. Rb3 Bxg2 30. Rxg2 Rxg2+ 31. Nxg2 h3 32. Rxb6 Rxg2+ 33. Kf1 Qxb6 34. Qe1
Qxd6 35. f5 Rxh2 36. Qe4 Rxb2 37. fxe6 0-1

[Event "FRA-chT2 0910"]
[Site "France"]
[Date "2010.01.24"]
[Round "7.8"]
[White "Lemeille, Francois"]
[Black "Rascle, Adeline"]
[Result "1-0"]
[WhiteElo "1933"]
[BlackElo "1558"]
[PlyCount "83"]
[EventDate "2009.09.27"]
[EventType "team"]
[EventRounds "11"]
[EventCountry "FRA"]
[SourceDate "2009.07.26"]

1. e4 e5 2. Nf3 Nc6 3. Bb5 d6 4. d4 Bd7 5. O-O h6 6. Nc3 Nf6 7. Re1 a6 8. Bxc6
Bxc6 9. dxe5 dxe5 10. Qxd8+ Rxd8 11. Nxe5 Bd7 12. Bf4 Bc5 13. Rad1 c6 14. Nd3
Be7 15. Bc7 Rc8 16. Bb6 O-O 17. Nf4 c5 18. e5 Bf5 19. exf6 Bxf6 20. Ne4 Bxb2
21. Nd5 Bxe4 22. Ne7+ Kh8 23. Nxc8 Rxc8 24. Rxe4 Rc6 25. Ba5 b6 26. Rb1 bxa5
27. Rxb2 Rd6 28. g4 Rd2 29. Rc4 Rd5 30. Rb6 Rg5 31. h4 Re5 32. Rxa6 Kh7 33.
Rxa5 Kg6 34. Raxc5 Re1+ 35. Kg2 Re6 36. h5+ Kh7 37. Rc7 Rf6 38. Re4 g6 39. Ree7
Kg7 40. c4 gxh5 41. gxh5 Rf5 42. c5 1-0

[Event "FRA-chT2 0910"]
[Site "France"]
[Date "2010.01.24"]
[Round "7.1"]
[White "Berthelot, Yannick"]
[Black "Piot, Olivier"]
[Result "1/2-1/2"]
[WhiteElo "2296"]
[BlackElo "2269"]
[PlyCount "89"]
[EventDate "2009.09.27"]
[EventType "team"]
[EventRounds "11"]
[EventCountry "FRA"]
[SourceDate "2009.07.26"]

1. e4 c5 2. Nf3 d6 3. d4 cxd4 4. Nxd4 Nf6 5. Nc3 a6 6. Be3 e5 7. Nb3 Be6 8. f3
Nbd7 9. Qd2 b5 10. O-O-O Nb6 11. Qf2 Nfd7 (11... Nc4 12. Bxc4 bxc4 13. Nc5 $14)
12. f4 Qc7 13. Kb1 Be7 14. f5 Bc4 15. g4 Na4 $146 ({RR} 15... b4 16. Nd5 Nxd5
17. exd5 Bxf1 18. Rhxf1 a5 19. Nd2 Rc8 20. Ne4 Qc4 21. Qg2 Nf6 22. Nxf6+ gxf6
23. b3 Qb5 24. Qe4 Kd7 25. g5 Rhg8 26. h4 Rc3 27. Rf2 a4 28. h5 axb3 29. cxb3
Bd8 30. g6 {Lagarde,M (2256)-Piot,O (2241)/France 2007/EXT 2009/1-0 (62)}) 16.
Nd5 Bxd5 17. exd5 Ndb6 {[%cal Gb6c4]} 18. Bc1 Nc4 $36 19. Bd3 Rc8 20. Rde1 Nab6
21. Be4 a5 22. Nd2 a4 23. h4 f6 24. Nf3 Qc5 25. Qxc5 dxc5 26. Nd2 Nd6 27. Bf3
Rc7 28. Ne4 Nxe4 29. Bxe4 Nc4 30. b3 axb3 31. axb3 Nd6 32. Bf3 Kd7 33. Bd2 Ra8
34. Kb2 Rca7 35. Ra1 b4 36. Rxa7+ Rxa7 37. Ra1 Rxa1 38. Kxa1 Nb5 39. Kb2 Kd6
40. c4 bxc3+ 41. Bxc3 Nc7 42. Bd2 Nxd5 43. Kc2 Bd8 44. h5 h6 45. Kd3 1/2-1/2

[Event "FRA-chT2 0910"]
[Site "France"]
[Date "2010.01.24"]
[Round "7.2"]
[White "Dicko, Henri"]
[Black "Borne, Niels"]
[Result "1-0"]
[WhiteElo "2202"]
[BlackElo "2293"]
[PlyCount "81"]
[EventDate "2009.09.27"]
[EventType "team"]
[EventRounds "11"]
[EventCountry "FRA"]
[SourceDate "2009.07.26"]

1. e4 c6 2. d4 d5 3. f3 e6 4. Nc3 Bb4 5. Bf4 Ne7 6. Qd3 b6 7. Nge2 Ba6 8. Qe3
c5 9. O-O-O Bxe2 10. Nxe2 Nbc6 11. Qf2 c4 12. Qg3 Ng6 13. h4 Nxf4 14. Nxf4 Kf8
15. h5 Bd6 16. e5 Be7 17. Kb1 b5 18. Qg4 Bg5 19. Nh3 Be3 20. g3 Qb6 21. f4 Bxd4
22. h6 g6 23. Ng5 Bc5 24. Bh3 Nd4 25. c3 Nf5 26. Qf3 b4 27. Bxf5 gxf5 28. cxb4
Be7 29. g4 Qxb4 30. gxf5 Rb8 31. Rh2 Bxg5 32. fxg5 c3 33. fxe6 Qe4+ 34. Qxe4
dxe4 35. Rf2 Ke7 36. exf7 Rxb2+ 37. Rxb2 cxb2 38. Kxb2 Ke6 39. Rf1 Rf8 40. Kc3
Kxe5 41. g6 1-0

[Event "FRA-chT2 0910"]
[Site "France"]
[Date "2010.01.24"]
[Round "7.3"]
[White "Pozdnjakov, Evgueniy"]
[Black "Rano, David"]
[Result "0-1"]
[WhiteElo "2229"]
[BlackElo "2168"]
[PlyCount "60"]
[EventDate "2009.09.27"]
[EventType "team"]
[EventRounds "11"]
[EventCountry "FRA"]
[SourceDate "2009.07.26"]

1. d4 d5 2. Nf3 c6 3. e3 Bf5 4. c4 e6 5. Nc3 Nf6 6. Bd3 Bxd3 7. Qxd3 Bd6 8. O-O
Nbd7 9. e4 dxc4 10. Qxc4 e5 11. Bg5 O-O 12. Rad1 Qe8 13. Bxf6 Nxf6 14. d5 Rc8
15. Qe2 c5 16. Nd2 a6 17. a4 Bc7 18. Nb3 c4 19. Nc5 Bb6 20. Nxb7 Qd7 21. Kh1
Qxb7 22. f4 Bd4 23. fxe5 Bxe5 24. Rf5 Rfe8 25. d6 Bxc3 26. bxc3 Qxe4 27. Qf1
Rcd8 28. h3 Qe2 29. Qxe2 Rxe2 30. Rc5 Ne4 0-1

[Event "FRA-chT2 0910"]
[Site "France"]
[Date "2010.01.24"]
[Round "7.4"]
[White "Favre, Mathieu"]
[Black "Buchy, Daniel"]
[Result "0-1"]
[WhiteElo "2036"]
[BlackElo "2132"]
[PlyCount "80"]
[EventDate "2009.09.27"]
[EventType "team"]
[EventRounds "11"]
[EventCountry "FRA"]
[SourceDate "2009.07.26"]

1. e4 c5 2. Nf3 Nc6 3. Bb5 g6 4. O-O Bg7 5. c3 a6 6. Bxc6 dxc6 7. d3 Nf6 8. Qc2
O-O 9. Be3 b6 10. h3 Bb7 11. Nbd2 Nd7 12. d4 cxd4 13. cxd4 Rc8 14. Rfd1 c5 15.
d5 b5 16. Rac1 c4 17. Bd4 Bxd4 18. Nxd4 Ne5 19. N2f3 Nd3 20. Rb1 e6 21. Qd2
exd5 22. e5 Qe7 23. Qh6 Nxe5 24. Ng5 f6 25. Nge6 Rfe8 26. Re1 Qf7 27. f4 Nc6
28. f5 Nxd4 29. Nxd4 Rxe1+ 30. Rxe1 Re8 31. Re6 Bc8 32. Rxe8+ Qxe8 33. Nf3 Bxf5
34. Qd2 Be4 35. Qe2 Qc6 36. Nd4 Qb6 37. Kh2 b4 38. Qd2 c3 39. bxc3 Qc7+ 40. Kg1
bxc3 0-1

[Event "FRA-chT2 0910"]
[Site "France"]
[Date "2010.01.24"]
[Round "7.5"]
[White "Pozdnjakov, Viatcheslav"]
[Black "Silva, Francis"]
[Result "1-0"]
[WhiteElo "2207"]
[BlackElo "2054"]
[PlyCount "53"]
[EventDate "2009.09.27"]
[EventType "team"]
[EventRounds "11"]
[EventCountry "FRA"]
[SourceDate "2009.07.26"]

1. d4 d5 2. Nf3 e6 3. Nbd2 f5 4. g3 Nf6 5. Bg2 Bd6 6. O-O O-O 7. b3 Ne4 8. c4
c6 9. Bb2 Rf6 10. Ne5 Rh6 11. f3 Ng5 12. e4 Nd7 13. exf5 exf5 14. h4 Ne6 15. f4
Nf6 16. Qc2 Bxe5 17. fxe5 Ne4 18. Nxe4 dxe4 19. Qf2 Nf8 20. Rad1 Qe8 21. d5 g5
22. e6 Nxe6 23. dxe6 Bxe6 24. Qd4 Qg6 25. Qh8+ Kf7 26. Qxa8 gxh4 27. Qxb7+ 1-0

[Event "FRA-chT2 0910"]
[Site "France"]
[Date "2010.01.24"]
[Round "7.6"]
[White "Lemoine, Thomas"]
[Black "Bouton, Christophe"]
[Result "0-1"]
[WhiteElo "1998"]
[BlackElo "2083"]
[PlyCount "107"]
[EventDate "2009.09.27"]
[EventType "team"]
[EventRounds "11"]
[EventCountry "FRA"]
[SourceDate "2009.07.26"]

1. d4 Nf6 2. c4 g6 3. Nc3 d5 4. cxd5 Nxd5 5. e4 Nxc3 6. bxc3 Bg7 7. Bc4 c5 8.
Ne2 Nc6 9. Be3 O-O 10. O-O Na5 11. Bd3 Qc7 12. Rc1 b6 13. Qa4 c4 14. Bb1 e5 15.
d5 Bd7 16. Qa3 Nb7 17. Rcd1 Nd6 18. f3 f5 19. Bf2 Rf7 20. Rfe1 Raf8 21. Ng3 f4
22. Nf1 g5 23. Qb4 Bf6 24. Bc2 Be7 25. Qb2 Kh8 26. Rb1 Rg7 27. Bd1 Nb7 28. Be2
Bd6 29. Qc2 Bc5 30. Bd1 g4 31. fxg4 Bxg4 32. Bxg4 Rxg4 33. Bxc5 Qxc5+ 34. Qf2
Rfg8 35. g3 Qxf2+ 36. Kxf2 Nc5 37. Kf3 Nd3 38. Re2 fxg3 39. Nxg3 Rf4+ 40. Ke3
Rgf8 41. Nf5 Nc5 42. Ng3 Rf3+ 43. Kd2 Rd3+ 44. Kc2 Rff3 45. Rg1 Rxc3+ 46. Kb1
Kg7 47. Nf5+ Kf6 48. Nh4 Rf4 49. Ng2 Rxe4 50. Rf2+ Ke7 51. Rgf1 Kd6 52. Rf7 Re2
53. Nh4 Nd3 54. Nf5+ 0-1

[Event "FRA-chT2 0910"]
[Site "France"]
[Date "2010.01.24"]
[Round "7.7"]
[White "Rode, Anthony"]
[Black "Jellouli, Moez"]
[Result "1/2-1/2"]
[WhiteElo "2075"]
[BlackElo "2064"]
[PlyCount "35"]
[EventDate "2009.09.27"]
[EventType "team"]
[EventRounds "11"]
[EventCountry "FRA"]
[SourceDate "2009.07.26"]

1. d4 d5 2. Nf3 Nf6 3. e3 c6 4. c4 Bg4 5. Nc3 e6 6. h3 Bxf3 7. Qxf3 Bd6 8. Be2
O-O 9. O-O Nbd7 10. Rd1 Qe7 11. e4 dxe4 12. Nxe4 Nxe4 13. Qxe4 Nf6 14. Qh4 e5
15. d5 cxd5 16. cxd5 e4 17. Bf4 Rfd8 18. Bc4 1/2-1/2

[Event "FRA-chT2 0910"]
[Site "France"]
[Date "2010.01.24"]
[Round "7.8"]
[White "Tatard, Marie"]
[Black "Barakoff, Annie"]
[Result "1/2-1/2"]
[WhiteElo "1873"]
[BlackElo "1563"]
[PlyCount "78"]
[EventDate "2009.09.27"]
[EventType "team"]
[EventRounds "11"]
[EventCountry "FRA"]
[SourceDate "2009.07.26"]

1. e4 c5 2. Nf3 e6 3. d4 cxd4 4. Nxd4 a6 5. Bd3 Qc7 6. O-O Nf6 7. Nc3 b5 8. h3
Bb7 9. Qf3 d6 10. Be3 Nbd7 11. Nb3 Ne5 12. Qf4 Ng6 13. Qf3 Be7 14. Nd2 O-O 15.
Qd1 Rad8 16. Ne2 e5 17. f4 Rfe8 18. f5 Nf8 19. Ng3 d5 20. Qe2 N8d7 21. Rac1 d4
22. Bg5 h6 23. Bxf6 Nxf6 24. Nh5 Nxh5 25. Qxh5 Bf6 26. Nf3 Qe7 27. Qg4 Rc8 28.
Qg3 Rc5 29. Nh2 Bg5 30. Rcd1 Bf4 31. Qf3 Qg5 32. Kh1 Rec8 33. Ng4 h5 34. Nf2
Qg3 35. Qxg3 Bxg3 36. Kg1 Bf4 37. g4 h4 38. Kg2 g5 39. Kf3 f6 1/2-1/2

[Event "FRA-chT2 0910"]
[Site "France"]
[Date "2010.01.24"]
[Round "7.1"]
[White "Simon, Olivier"]
[Black "Andrieux, Pascal"]
[Result "0-1"]
[WhiteElo "2320"]
[BlackElo "2246"]
[PlyCount "74"]
[EventDate "2009.09.27"]
[EventType "team"]
[EventRounds "11"]
[EventCountry "FRA"]
[SourceDate "2009.07.26"]

1. e4 e6 2. d4 d5 3. Nc3 Nf6 4. e5 Nfd7 5. f4 c5 6. Nf3 Nc6 7. Be3 cxd4 8. Nxd4
Bc5 9. Qd2 a6 10. O-O-O Qc7 11. Qf2 Nxd4 12. Bxd4 Bxd4 13. Qxd4 O-O 14. Bd3 b5
15. Qf2 b4 16. Qh4 g6 17. Ne2 a5 18. Nd4 Ba6 19. Rhe1 Rfc8 20. Re3 a4 21. Rh3
Nf8 22. Bxa6 Rxa6 23. Kb1 Ra5 24. Qe1 Rc5 25. Qd2 Rc4 26. g4 Qb6 27. Qf2 Rxc2
28. Qxc2 Rxc2 29. Kxc2 Nd7 30. Kb1 Nc5 31. f5 Ne4 32. fxe6 fxe6 33. Rc1 Nc3+
34. bxc3 bxc3+ 35. Nb3 d4 36. Kc2 axb3+ 37. axb3 Qa6 0-1

[Event "FRA-chT2 0910"]
[Site "France"]
[Date "2010.01.24"]
[Round "7.2"]
[White "Leruste, Georges"]
[Black "Marin, Sebastien"]
[Result "0-1"]
[WhiteElo "2131"]
[BlackElo "2178"]
[PlyCount "100"]
[EventDate "2009.09.27"]
[EventType "team"]
[EventRounds "11"]
[EventCountry "FRA"]
[SourceDate "2009.07.26"]

1. Nf3 Nf6 2. g3 g6 3. b3 Bg7 4. Bb2 O-O 5. Bg2 c5 6. c4 Nc6 7. O-O d6 8. d4
Bg4 9. d5 Bxf3 10. exf3 Nd4 11. Nc3 Nd7 12. Rb1 a6 13. Ne2 Nxe2+ 14. Qxe2 b5
15. Bxg7 Kxg7 16. Rfe1 Re8 17. f4 Qa5 18. h4 Nf6 19. Bf3 Rab8 20. h5 gxh5 21.
cxb5 axb5 22. b4 cxb4 23. Qd2 Ra8 24. Rxb4 Qxa2 25. Qd3 Ra3 26. Qd1 Ra5 27. Re2
Qa3 28. Rb3 Qc5 29. Rc2 Qa7 30. Qd3 Rb8 31. Qf5 h6 32. Rcb2 Qd4 33. Rb4 Ra1+
34. Kg2 Qc3 35. Rb1 Ra2 36. R4b3 Qd2 37. Rf1 b4 38. Re3 Rb7 39. Re2 Qxe2 40.
Bxe2 Rxe2 41. Qc8 Ra7 42. Qb8 Raa2 43. Qxb4 Ng4 44. Qc3+ f6 45. Kg1 Nxf2 46.
Qc8 Ng4 47. Rf3 Rg2+ 48. Kh1 Rh2+ 49. Kg1 Rag2+ 50. Kf1 Rc2 0-1

[Event "FRA-chT2 0910"]
[Site "France"]
[Date "2010.01.24"]
[Round "7.3"]
[White "Przymusinski, Nicolas"]
[Black "Goasdoue, Vincent"]
[Result "1-0"]
[WhiteElo "2175"]
[BlackElo "2147"]
[PlyCount "51"]
[EventDate "2009.09.27"]
[EventType "team"]
[EventRounds "11"]
[EventCountry "FRA"]
[SourceDate "2009.07.26"]

1. c4 e5 2. g3 Nc6 3. Bg2 g6 4. Nc3 Bg7 5. e4 d6 6. Nge2 Be6 7. d3 Qd7 8. Nd5
Nce7 9. d4 c6 10. Ne3 exd4 11. Nxd4 Bh3 12. Ndf5 Bxf5 13. exf5 Nxf5 14. Nxf5
Qxf5 15. O-O O-O-O 16. Be3 Qa5 17. b4 Qa3 18. Rb1 Ne7 19. b5 Rd7 20. Rb3 Qxa2
21. Qd3 c5 22. Ra3 Qb2 23. Rb1 Qe5 24. Rxa7 Kd8 25. Qa3 Qc3 26. Ra8+ 1-0

[Event "FRA-chT2 0910"]
[Site "France"]
[Date "2010.01.24"]
[Round "7.4"]
[White "Tillet, Louis Juan"]
[Black "Houriez, Clement"]
[Result "0-1"]
[WhiteElo "2185"]
[BlackElo "2278"]
[PlyCount "36"]
[EventDate "2009.09.27"]
[EventType "team"]
[EventRounds "11"]
[EventCountry "FRA"]
[SourceDate "2009.07.26"]

1. e4 c5 2. d4 cxd4 3. c3 dxc3 4. Nxc3 e6 5. Nf3 a6 6. Bf4 d6 7. Qd2 Be7 8. Rd1
e5 9. Bg5 Nf6 10. Bxf6 Bxf6 11. Bc4 Nc6 12. Qxd6 Bg4 13. O-O Bxf3 14. gxf3 Nd4
15. Qb4 b5 16. Nxb5 Be7 17. Bxf7+ Kf8 18. Nxd4 Bxb4 0-1

[Event "FRA-chT2 0910"]
[Site "France"]
[Date "2010.01.24"]
[Round "7.5"]
[White "Houriez, Alain"]
[Black "Manet, Eric"]
[Result "*"]
[WhiteElo "2120"]
[BlackElo "2045"]
[PlyCount "145"]
[EventDate "2009.09.27"]
[EventType "team"]
[EventRounds "11"]
[EventCountry "FRA"]
[SourceDate "2009.07.26"]

1. e4 d5 2. Nc3 dxe4 3. Nxe4 Bf5 4. Ng3 Bg6 5. d4 Nf6 6. Nf3 h6 7. Bd3 Bxd3 8.
Qxd3 c6 9. O-O e6 10. c4 Be7 11. Rd1 O-O 12. Be3 Nbd7 13. h3 Qc7 14. Rac1 Rfc8
15. Rc2 Bd6 16. Ne4 Nxe4 17. Qxe4 Nf6 18. Qh4 Qd8 19. Rcd2 Be7 20. Ne5 Qa5 21.
a3 Rd8 22. Rd3 Bd6 23. Bxh6 Bxe5 24. b4 Qc7 25. dxe5 Rxd3 26. Rxd3 Qxe5 27. Be3
a5 28. bxa5 Qxa5 29. Bd2 Qf5 30. Rf3 Qh5 31. Qd4 Qg6 32. Rg3 Qf5 33. Rf3 Qe4
34. Qb2 Rd8 35. Bc3 Rd1+ 36. Kh2 Rd3 37. Rxd3 Qxd3 38. Bxf6 gxf6 39. c5 Qf5 40.
Qd4 Kf8 41. g4 Qf3 42. Qe3 Qd5 43. h4 Kg7 44. Kg3 Qh1 45. h5 Qg1+ 46. Kf4 Qd1
47. Kg3 Qg1+ 48. Kf3 Qd1+ 49. Kg2 Qxg4+ 50. Kf1 Qxh5 51. Qc3 Qe5 52. Qb4 Qd5
53. a4 Qd1+ 54. Kg2 f5 55. f3 Qe2+ 56. Kg3 Qe5+ 57. Kh3 Qc7 58. Qd4+ f6 59. Qb2
Kg6 60. Qg2+ Kh7 61. Qb2 Qg7 62. a5 f4 63. Kh2 Qg3+ 64. Kh1 Qxf3+ 65. Kg1 Qg3+
66. Kh1 Qg7 67. Qb1+ f5 68. Qb3 e5 69. Qf3 Qg3 70. Qh5+ Kg7 71. a6 bxa6 72.
Qf7+ Kh6 73. Qh5+ *

[Event "FRA-chT2 0910"]
[Site "France"]
[Date "2010.01.24"]
[Round "7.6"]
[White "Stawiarski, Edmond"]
[Black "Frederic, Clement"]
[Result "1-0"]
[WhiteElo "2144"]
[BlackElo "2176"]
[PlyCount "59"]
[EventDate "2009.09.27"]
[EventType "team"]
[EventRounds "11"]
[EventCountry "FRA"]
[SourceDate "2009.07.26"]

1. d4 e6 2. Nf3 f5 3. c4 Nf6 4. Nc3 Bb4 5. Bg5 Bxc3+ 6. bxc3 d6 7. e3 b6 8.
Bxf6 Qxf6 9. Be2 Bb7 10. O-O Nd7 11. Qa4 Qe7 12. c5 O-O 13. c6 b5 14. Qxb5 a6
15. Qxb7 Nb6 16. Rab1 Rfb8 17. Rxb6 Rxb7 18. Rxb7 Qe8 19. Rfb1 Qxc6 20. Ng5 Re8
21. c4 h6 22. Nxe6 Rc8 23. Nf4 Qa4 24. Nd5 Kh8 25. Ne7 Re8 26. Nd5 Qxa2 27. Bh5
Rc8 28. Ne7 Rd8 29. Bg6 Qxc4 30. Rb8 1-0

[Event "FRA-chT2 0910"]
[Site "France"]
[Date "2010.01.24"]
[Round "7.7"]
[White "Barbaut, Michel"]
[Black "Belloc, Sidonie"]
[Result "1-0"]
[WhiteElo "2070"]
[BlackElo "1821"]
[PlyCount "73"]
[EventDate "2009.09.27"]
[EventType "team"]
[EventRounds "11"]
[EventCountry "FRA"]
[SourceDate "2009.07.26"]

1. e4 e6 2. d4 d5 3. e5 c5 4. c3 Nc6 5. Nf3 Nge7 6. Bd3 Nf5 7. O-O cxd4 8. Bxf5
exf5 9. cxd4 Be7 10. Nc3 Be6 11. b3 O-O 12. Bb2 f6 13. Re1 Qd7 14. Ne2 g5 15.
exf6 Bxf6 16. Ne5 Nxe5 17. dxe5 Bg7 18. Nd4 h6 19. Qd2 f4 20. Rad1 Rad8 21. Ba3
Rf7 22. Nxe6 Qxe6 23. Bd6 f3 24. gxf3 Rxf3 25. Qxd5 Qxd5 26. Rxd5 Rf5 27. Kg2
Bf8 28. Red1 Bxd6 29. exd6 Rxd5 30. Rxd5 Kf7 31. Kf3 Ke6 32. Ke4 Rd7 33. Re5+
Kxd6 34. Rd5+ Ke6 35. Rxd7 Kxd7 36. Kf5 Ke7 37. Kg6 1-0